Business communication today. --7th ed. (Record no. 78990)
[ view plain ]
| 000 -LEADER | |
|---|---|
| fixed length control field | 01105nam a2200241 a 4500 |
| 008 - FIXED-LENGTH DATA ELEMENTS--GENERAL INFORMATION | |
| fixed length control field | 081016s2006 ||||||||||||||||| || u |
| 020 ## - INTERNATIONAL STANDARD BOOK NUMBER | |
| International Standard Book Number | 817758488X |
| 050 ## - LIBRARY OF CONGRESS CALL NUMBER | |
| Classification number | HF 5718 Bov |
| 100 ## - MAIN ENTRY--PERSONAL NAME | |
| Personal name | Thill, John V |
| 245 10 - TITLE STATEMENT | |
| Title | Business communication today. --7th ed. |
| Statement of responsibility, etc. | Courtland L. Bovee; John V. Thill; Barbara E. Schatzman |
| 250 ## - EDITION STATEMENT | |
| Edition statement | 7th ed. |
| 260 ## - PUBLICATION, DISTRIBUTION, ETC. | |
| Place of publication, distribution, etc. | New Delhi |
| Name of publisher, distributor, etc. | Pearson |
| Date of publication, distribution, etc. | 2006 |
| 300 ## - PHYSICAL DESCRIPTION | |
| Extent | variant pagings: ill. |
| 350 ## - | |
| -- | 120000.00 |
| 650 ## - SUBJECT ADDED ENTRY--TOPICAL TERM | |
| Topical term or geographic name entry element | COMMMUNICATION IN ORGANIZATION--UNTIED STATES--CASE STUDIES |
| 650 ## - SUBJECT ADDED ENTRY--TOPICAL TERM | |
| Topical term or geographic name entry element | BUSINESS COMMUNICATION--UNITED STATES--CASE STUDIES |
| 650 ## - SUBJECT ADDED ENTRY--TOPICAL TERM | |
| Topical term or geographic name entry element | BUSINESS WRITING--UNITED STATES--CASE STUDIES |
| 650 ## - SUBJECT ADDED ENTRY--TOPICAL TERM | |
| Topical term or geographic name entry element | COMMUNICATION |
| 700 ## - ADDED ENTRY--PERSONAL NAME | |
| Personal name | Bovee, Courtland L |
| 700 ## - ADDED ENTRY--PERSONAL NAME | |
| Personal name | Schatzman, Barbara E |
| 995 ## - | |
| -- | MAIN LIBRARY OPEN ACCESS |
| -- | 120000.00 |
| -- | 738643 |
| -- | CBU-MAIN LIBRARY (Kitwe) |
| -- | 1 |
| -- | 0.00 |
| -- | HF 5718 BOV |
| -- | 1 |
| -- | AVAILABLE |
| -- | Oct 16, 2008 |
| -- | 738643 |
| -- | Main Library Open Access Collection |
| 995 ## - | |
| -- | MAIN LIBRARY OPEN ACCESS |
| -- | 120000.00 |
| -- | 738644 |
| -- | CBU-MAIN LIBRARY (Kitwe) |
| -- | 1 |
| -- | 0.00 |
| -- | HF 5718 BOV |
| -- | 2 |
| -- | AVAILABLE |
| -- | Oct 16, 2008 |
| -- | 738644 |
| -- | Main Library Open Access Collection |
| 999 ## - | |
| -- | 78990 |
| -- | 78990 |
No items available.